مجموعة اعمال الحلقة الدراسية لقوانين الشهر العقارى فى البلاد العربية / (Record no. 55919)
[ view plain ]
| 000 -الفاتح | |
|---|---|
| حقل البيانات ثابتة الطول | 01204nam a2200253Ia 4500 |
| 005 - وقت وتاريخ اخر تعامل مع التسجيلة | |
| رقم الضبط | 20240530105426.0 |
| 008 - عناصر البيانات ثابتة الطول - معلومات عامة | |
| حقل البيانات ثابتة الطول | 140319s1973 ua 000 0 ara d |
| 040 ## - مصدر الفهرسة | |
| وكالة الفهرسة الأصلية | GCL / |
| وكالة النسخ | GCL |
| 082 04 - رقم تصنيف ديوى العشرى | |
| رقم التصنيف | 349.2/ |
| رقم المادة | م م |
| 110 1# - المدخل الرئيسى - إسم هيئة | |
| اسم الهيئة أو اسم السلطة كمدخل | المنظمة العربية للتربية والثقافة والعلوم : معهد البحوث والدراسات العربية |
| 245 10 - بيان العنوان | |
| العنوان | مجموعة اعمال الحلقة الدراسية لقوانين الشهر العقارى فى البلاد العربية / |
| بيان المسئوليه,etc | المنظمة العربية للتربية والثقافة والعلوم : معهد البحوث والدراسات العربية |
| 260 ## - PUBLICATION, DISTRIBUTION, ETC. (IMPRINT) | |
| تاريخ النشر أو التوزيع | 1973 |
| 300 ## - الوصف المادى | |
| التعداد | 776 ص. ؛ |
| المادة المصاحبة | 24 سم. |
| 490 0# - بيان السلسلة | |
| عنوان السلسلة | وثائق ونصوص ؛ |
| رقم المجلد/ التعيين التسلسلي | 10 |
| 650 07 - المدخل الاضافى بالموضوع-مصطلح موضوعى | |
| مصدر الرأس أو المصطلح | qrmak |
| مصطلح موضوعي | القانون |
| 650 07 - المدخل الاضافى بالموضوع-مصطلح موضوعى | |
| مصدر الرأس أو المصطلح | qrmak |
| مصطلح موضوعي | القانون الادارى |
| 650 07 - المدخل الاضافى بالموضوع-مصطلح موضوعى | |
| مصدر الرأس أو المصطلح | qrmak |
| مصطلح موضوعي | التوثيق العقارى |
| 650 07 - المدخل الاضافى بالموضوع-مصطلح موضوعى | |
| مصدر الرأس أو المصطلح | qrmak |
| مصطلح موضوعي | الشهر العقارى |
| 650 07 - المدخل الاضافى بالموضوع-مصطلح موضوعى | |
| مصدر الرأس أو المصطلح | qrmak |
| مصطلح موضوعي | السجل العينى |
| 650 07 - المدخل الاضافى بالموضوع-مصطلح موضوعى | |
| مصدر الرأس أو المصطلح | qrmak |
| مصطلح موضوعي | التوثيق |
| 700 1# - المدخل الاضافى - اسم شخصى | |
| الإسم الشخصى | قسم البحوث والدراسات القانونية |
| 942 ## - عناصر المدخل الإضافي( كوها) | |
| مصدر التصنيف او مخطط الترفيف | Dewey Decimal Classification |
| Koha [default] item type | كتاب |
| 260 ## - PUBLICATION, DISTRIBUTION, ETC. (IMPRINT) | |
| -- | القاهرة : |
| -- | معهد البحوث والدراسات العربية ، |
| حالة التراجع | حالة الفقد | حالة تلف | ليس للاعارة | المكان المؤقت | الموقع الحالى | تاريخ الاكتساب | اجمالي اﻻعارات | رقم الطلب | الباركود | تاريخ اخر مشاهدة | تاريخ تفعيل السعر | نوع وعاء كوها |
|---|---|---|---|---|---|---|---|---|---|---|---|---|
| مكتبة القاهرة الكبرى | مكتبة القاهرة الكبرى | 03/26/2014 | 349.2/م م | 134172 | 03/26/2014 | 03/26/2014 | كتاب |

